Festival Güell : músiques als espais d'Eusebi Güell : de l'1 de març al 27 de setembre de 2018 músiques als espais d'Eusebi Güell : de l'1 de març al 27 de setembre de 2018
Descripción Física:
25 p. ; il. col. ; 15 x 21 cm
Materias:
Palau Güell (Barcelona)
Idioma:
Catalán
MARC
| LEADER | 00000nam a22000007a 4500 | ||
|---|---|---|---|
| 001 | 25069 | ||
| 008 | 211129b spa||||| |||| 00| 0 cat d | ||
| 080 | |a FU-67-109 | ||
| 245 | |a Festival Güell : |b músiques als espais d'Eusebi Güell : de l'1 de març al 27 de setembre de 2018 | ||
| 260 | |a Barcelona : |b Palau Güell : |b Diputació de Barcelona ; |c 2018 | ||
| 300 | |a 25 p. ; |b il. col. ; |c 15 x 21 cm | ||
| 610 | 2 | 0 | |a Palau Güell (Barcelona) |9 17034 |
| 710 | 2 | |a Palau Güell (Barcelona) |9 17034 | |
| 942 | |2 udc |c ARXIU |n 1 | ||
| 952 | |0 0 |1 0 |2 udc |4 0 |6 FU67109 |7 1 |9 60882 |a Arxiu |b Arxiu |d 2021-11-29 |l 0 |o FU-67-109 |p 25069 |r 2021-11-29 00:00:00 |w 2021-11-29 |y ARXIU | ||
| 999 | |c 81008 |d 81008 | ||